00713nam a2200157Ia 450000500170000000800410001708200130005810000170007124500280008826000530011630000140016950002540018394200060043795200970044399900150054020240606012649.0240331s9999 xx 000 0 und d bGOTa362 aGothoskar, S 0aStruggling to be myself aMaharashtrabStreevani, Women's Research Project av,192 p., aThis volume contains oral histories of four educated, middle class women who candidly share the traumatic moments of their shattered existences, and their struggles to retrieve their lost human dignity in the face of violence, shame and humiliation. cL 001040708LaWERCLbWERCLcSSCd2024-03-31l0o 362.8 GOTp3546r2024-03-31w2024-03-31yL c2921d2921